Maastricht: l'extension des compétences européennes en matiere sociale.

Koncepcie Európskej komisie pre európsku sociálnu oblasť. Prekážky pre kolektívne rokovania na úrovni Európy. Európsky sociálny dialóg vo Val Duchesse. Rokovania podľa sektorov. Perspektívy zmlúv z Maastrichtu. (Chronique internationale de l'IRES 1992, č.15).

Gespeichert in:
Bibliographische Detailangaben
1. Verfasser: Rehfeldt, U.
Format: Buchkapitel
Sprache:Französisch
Schlagworte:
Tags: Tag hinzufügen
Keine Tags, Fügen Sie das erste Tag hinzu!

MARC

LEADER 00000naa a2200000 4500
001 r009358
005 20220913125133.9
041 0 |a fre 
044 |a FR 
245 1 0 |a Maastricht: l'extension des compétences européennes en matiere sociale.  |c U. Rehfeldt 
520 |a Koncepcie Európskej komisie pre európsku sociálnu oblasť. Prekážky pre kolektívne rokovania na úrovni Európy. Európsky sociálny dialóg vo Val Duchesse. Rokovania podľa sektorov. Perspektívy zmlúv z Maastrichtu. (Chronique internationale de l'IRES 1992, č.15). 
610 2 0 |a politika sociálna 
610 2 0 |a západná Európa 
610 2 0 |a zmluvy medzinárodné 
610 2 0 |a koncepcie 
610 2 0 |a Maastricht 
100 1 |a Rehfeldt, U.